宽恕与和解 Forgiveness and reconciliation {ch} : (Record no. 33247)
[ view plain ]
| 000 -LEADER | |
|---|---|
| fixed length control field | 01054nam a2200217 4500 |
| 008 - FIXED-LENGTH DATA ELEMENTS--GENERAL INFORMATION | |
| fixed length control field | 080701s2008 ch 000 0 chi |
| 020 ## - INTERNATIONAL STANDARD BOOK NUMBER | |
| International Standard Book Number | 9789570471847 :NT590/472/Php660.80 |
| 090 ## - LOCALLY ASSIGNED LC-TYPE CALL NUMBER (OCLC); LOCAL CALL NUMBER (OCLC) | |
| Classification number (OCLC) (R) ; Classification number, CALL (RLIN) (NR) | BJ1476 |
| Local cutter number (OCLC) ; Book number/undivided call number, CALL (RLIN) | F76h |
| -- | 2008 |
| -- | c.2. |
| 245 00 - TITLE STATEMENT | |
| Title | 宽恕与和解 Forgiveness and reconciliation {ch} : |
| Remainder of title | religion, public policy & conflict transformation / |
| Statement of responsibility, etc | 黑爾米克、彼得生; 譯者:紀榮神 edited by Raymond G. Helmick & Rodney L. Petersen. |
| 260 ## - PUBLICATION, DISTRIBUTION, ETC. (IMPRINT) | |
| Place of publication, distribution, etc | Taipei : |
| Name of publisher, distributor, etc | 中华福音神学院出版社 China Evangelical Seminary Press, |
| Date of publication, distribution, etc | 2008 |
| 300 ## - PHYSICAL DESCRIPTION | |
| Extent | 495 p. ; |
| Dimensions | 22 cm. |
| 500 ## - GENERAL NOTE | |
| General note | Originally published by Templeton Foundation Press, Philadelphia, 2001. |
| 504 ## - BIBLIOGRAPHY, ETC. NOTE | |
| Bibliography, etc | Includes bibliographical references and index. |
| 650 #4 - SUBJECT ADDED ENTRY--TOPICAL TERM | |
| Topical term or geographic name as entry element | Forgiveness {ch}. |
| 650 #4 - SUBJECT ADDED ENTRY--TOPICAL TERM | |
| Topical term or geographic name as entry element | Forgiveness |
| General subdivision | Religious aspects {ch}. |
| 650 #4 - SUBJECT ADDED ENTRY--TOPICAL TERM | |
| Topical term or geographic name as entry element | 饶恕、辅导 Reconciliation |
| General subdivision | Religious aspects {ch}. |
| 951 ## - EQUIVALENCE OR CROSS-REFERENCE-GEOGRAPHIC NAME/AREA NAME [OBSOLETE] [CAN/MARC only] | |
| General subdivision | 00038227 |
| 700 1# - ADDED ENTRY--PERSONAL NAME | |
| Personal name | Helmick, Raymond G. |
| 700 1# - ADDED ENTRY--PERSONAL NAME | |
| Personal name | Petersen, Rodney Lawrence. |
| 951 ## - EQUIVALENCE OR CROSS-REFERENCE-GEOGRAPHIC NAME/AREA NAME [OBSOLETE] [CAN/MARC only] | |
| -- | C-9374 |
| -- | ChBJ1476/F76h/2008/c.2. |
| -- | 090602162103593 |
| -- | 2000-12-21 |
| -- | CH |
| Withdrawn status | Lost status | Damaged status | Not for loan | Home library | Current library | Shelving location | Date acquired | Accession number | Shelving control number | Total Checkouts | Full call number | Barcode | Date last seen | Price effective from | Koha item type |
|---|---|---|---|---|---|---|---|---|---|---|---|---|---|---|---|
| BSOP Library | BSOP Library | Chinese Books (General Circulation) | 12/21/2000 | C-9374 | 127 | ChBJ1476/F76h/2008/c.2. | 00038227 | 02/23/2013 | 02/23/2013 | Books |
